A balanced introduction to computer science / (Record no. 56817)

MARC details
000 -LEADER
fixed length control field 01261 a2200217 4500
008 - FIXED-LENGTH DATA ELEMENTS--GENERAL INFORMATION
fixed length control field 210817b ||||| |||| 00| 0 eng d
020 ## - INTERNATIONAL STANDARD BOOK NUMBER
International Standard Book Number 9780132166751 (pbk.)
020 ## - INTERNATIONAL STANDARD BOOK NUMBER
International Standard Book Number 0132166755 (pbk.)
050 ## - LIBRARY OF CONGRESS CALL NUMBER
Classification number QA76
Item number .R39 2011
100 ## - MAIN ENTRY--PERSONAL NAME
Personal name Reed, David, Ph. D
245 ## - TITLE STATEMENT
Title A balanced introduction to computer science /
Statement of responsibility, etc David Reed
250 ## - EDITION STATEMENT
Edition statement 3rd ed.
260 ## - PUBLICATION, DISTRIBUTION, ETC. (IMPRINT)
Name of publisher, distributor, etc Prentice Hall,
Date of publication, distribution, etc 2011.
Place of publication, distribution, etc London :
-- Upper Saddle River, N.J. ;
300 ## - PHYSICAL DESCRIPTION
Extent xx, 398 pages :
Other physical details illustrations ;
Dimensions 26 cm
500 ## - GENERAL NOTE
General note Previous edition: 2008 <br/>
505 ## - FORMATTED CONTENTS NOTE
Formatted contents note Includes index <br/>
505 ## - FORMATTED CONTENTS NOTE
Formatted contents note Computer basics -- HTML and web pages -- The Internet and the web -- JavaScript and dynamic web pages -- JavaScript and user interaction -- The history of computers -- Functions and randomness -- Algorithms and programming languages -- Abstraction and libraries -- Computer science as a discipline -- Conditional execution -- Data representation -- Conditional repetition -- Inside the computer - the von Neumann architecture -- JavaScript strings -- Inside the computer - transistors and integrated circuits -- JavaScript arrays -- Computers and society <br/>
650 ## - SUBJECT ADDED ENTRY--TOPICAL TERM
Topical term or geographic name as entry element Computer science
650 ## - SUBJECT ADDED ENTRY--TOPICAL TERM
Topical term or geographic name as entry element Computer science
Form subdivision Problems, exercises, etc
942 ## - ADDED ENTRY ELEMENTS (KOHA)
Item type Book
Source of classification or shelving scheme Library of Congress Classification
Holdings
Withdrawn status Lost status Source of classification or shelving scheme Damaged status Not for loan Collection code Home library Current library Shelving location Date acquired Source of acquisition Cost, normal purchase price Total Checkouts Full call number Barcode Date last borrowed Copy number Price effective from Koha item type Date last seen
    Library of Congress Classification     Non-fiction Bishop Okullu Memorial Library (Limuru Campus) Bishop Okullu Memorial Library (Limuru Campus) General Circulation 17/08/2021 PURCHASE 15028.00 2 QA76 .R39 2011 066496 23/11/2021 1 17/08/2021 Book  
    Library of Congress Classification     Non-fiction Bishop Okullu Memorial Library (Limuru Campus) Bishop Okullu Memorial Library (Limuru Campus) General Circulation 17/08/2021 PURCHASE 15028.00 2 QA76 .R39 2011 066497 21/01/2022 2 17/08/2021 Book  
    Library of Congress Classification     Non-fiction Nairobi Campus Nairobi Campus General Circulation 17/08/2021 PURCHASE 15028.00 1 QA76 .R39 2011 066498 25/02/2022 3 17/08/2021 Book 12/03/2025